000 00693 a2200265 4500
260 _aParis
630 _a65 - Gestion et organisation de lindustrie, du commerce, de la communication et des transports
037 _b3, Achat
650 _a6 - SCIENCES APPLIQUEES
100 _aGarnier, Pierre
260 _bDunod
245 _a7 problèmes de technique comptable approfondie et de comptabilités spéciales
300 _a102 p.
650 _aComptabilité
260 _c1976
300 _b24 cm
100 _lFr
037 _aDE 60167
037 _aDE 60168
037 _aDE 60166
440 _aDunod entreprise
020 _a2-04-0044899-5
999 _c37192
_d37192